Bucking Conservatism (Record no. 19835)

MARC details
000 -LEADER
fixed length control field 01030nam a2200133Ia 4500
008 - FIXED-LENGTH DATA ELEMENTS--GENERAL INFORMATION
fixed length control field 220616s9999||||xx |||||||||||||| ||und||
020 ## - INTERNATIONAL STANDARD BOOK NUMBER
International Standard Book Number 9781770000000
245 #0 - TITLE STATEMENT
Title Bucking Conservatism
Remainder of title Alternative Stories of Alberta from the 1960s and 1970s
546 ## - LANGUAGE NOTE
Language note English[eng]
650 ## - SUBJECT ADDED ENTRY--TOPICAL TERM
Topical term or geographic name entry element Alberta politics||Alberta Conservatives||Alberta Progressive Politics||Alberta Social Movements||Citizen Activism||Indigenous Education||Indian Status Rights||Indigenous Women||Gay Rights||Alberta Women's Groups||Birth Control||Alberta Gay Alliance||Gay Liberation||Alberta New Democratic Party||Alberta Social Credit Party||Left-Wing Activism||War Resisters||Peace Activism||Environmental Advocacy||Tom Flanagan||Sid Marty||Marion Nicoll||University of Calgary||Mill Creek Park||South African Apartheid||Woodsworth-Irvine Socialist Fellowship||Edmonton||United Church||urban development
700 ## - ADDED ENTRY--PERSONAL NAME
Personal name Crane Bear, Leon||Hannant, Larry||Patton, Karissa Robyn
856 ## - ELECTRONIC LOCATION AND ACCESS
Uniform Resource Identifier <a href="https://www.aupress.ca/books/120286-bucking-conservatism/">https://www.aupress.ca/books/120286-bucking-conservatism/</a>
942 ## - ADDED ENTRY ELEMENTS (KOHA)
Koha item type E-Books
Holdings
Withdrawn status Lost status Damaged status Not for loan Home library Current library Date acquired Total Checkouts Date last seen Price effective from Koha item type
        Kerala University of Digital Sciences, Innovation and Technology Knowledge Centre Kerala University of Digital Sciences, Innovation and Technology Knowledge Centre 16/06/2022   16/06/2022 16/06/2022 E-Books